[Event "World-ch Tournament"]
[Site "Mexico City"]
[Date "2007.09.18"]
[Round "5"]
[White "Grischuk, Alexander"]
[Black "Morozevich, Alexander"]
[Result "1-0"]
[WhiteElo "2726"]
[BlackElo "2758"]
[Annotator "Schandorff,L"]
[PlyCount "81"]
[EventDate "2007.09.13"]
[EventType "tourn"]
[EventRounds "14"]
[EventCountry "MEX"]
[EventCategory "21"]
[SourceTitle "CBM 120"]
[Source "ChessBase"]
[SourceDate "2007.10.02"]
[SourceVersion "1"]
[SourceVersionDate "2007.10.02"]
[SourceQuality "1"]

1. d4 Nf6 2. c4 e6 3. Nf3 d5 4. Nc3 Bb4 {The popular Ragozin variation. It is
a mix of the Queens Gambit Declined and the Nimzo Indian and it appeals to
players who like unbalanced positions.} 5. cxd5 exd5 6. Bg5 Nbd7 {The old
variation. It leads to a complex strategical game, but White seems to have the
easier play. In the last few years Black has instead been experimenting with
an interesting and sharp move-order} (6... O-O 7. e3 c5 $132) 7. e3 c5 8. Bd3
Qa5 {The basic idea. Black develops the queen and puts pressure on the white
knight.} 9. Qc2 c4 {The second step. Black fixes the pawn structure with tempo
and gains some space on the queenside.} 10. Bf5 O-O 11. O-O Re8 12. Nd2 {
Both sides fight for control of the important square e4. The game now goes
into a phase of deep manouvering.} g6 {Asks the annoying bishop to declare
itself.} 13. Bh3 $1 {Keeps all the pieces on the board.} (13. Bxd7 Nxd7 {
also gives White some initiative, but Black should be ok. A recent example} 14.
f3 Nb6 15. Bf4 Bxc3 16. bxc3 Qa4 17. Qc1 Bf5 18. Re1 Qc6 19. Nf1 Bd3 20. Ng3
Re6 21. Nh1 f6 22. h4 Rae8 23. Nf2 Qa4 24. Rd1 Kg7 25. Qb2 R8e7 26. Nxd3 cxd3
27. Rxd3 Nc4 28. Qf2 Rb6 29. Qg3 Rb2 30. e4 dxe4 31. fxe4 Rxe4 32. Rf1 Qd7 33.
Rdf3 Ree2 34. R3f2 Qe7 35. Rxe2 Rxe2 36. a4 Ne3 37. Bxe3 Rxe3 38. Rf3 Rxf3 39.
Qxf3 Qe1+ 40. Kh2 Qxh4+ 41. Kg1 Qe1+ 42. Kh2 Qe7 43. c4 h5 44. c5 h4 45. Kh3 g5
46. Kg4 a5 47. Kh5 Qe8+ 48. Kg4 Qc8+ 49. Kh5 Qe8+ 50. Kg4 Qf7 51. Qf5 Qe7 52.
Qf3 Kh6 53. Qd5 Qc7 54. Kf5 Kg7 55. Kg4 Qc8+ 56. Kf3 h3 57. gxh3 Qxh3+ 58. Kf2
Qh2+ 59. Kf1 Qf4+ 60. Kg2 Qd2+ 61. Kg3 Qe3+ 62. Kg2 Qe2+ 63. Kg3 Qe7 64. Kg4
Qc7 65. Qe4 Kf8 66. Qf5 Qc6 67. d5 Qxc5 68. Qxf6+ {1/2-1/2 Mamedyarov,S (2728)
-Aronian,L (2741)/Moscow RUS 2006/The Week in Chess 627}) 13... Kg7 ({The
obvious move} 13... Bxc3 {is strongly met with} 14. Qxc3 $1 (14. bxc3 Ne4 15.
Nxe4 dxe4 $11 {Black is threatenening to play Nb6 with a nice position, so
White's best bet is Bxd7 with opposite coloured bishops and rather equal play.}
) 14... Qxc3 15. bxc3 Ne4 16. Nxe4 dxe4 17. Bg4 $1 Nb6 18. Be2 $14 {White
keeps the bishop pair and has a pleasant endgame. This has been known since a
nice Karpov game.} Be6 19. Rab1 Rac8 20. Rfc1 Rc7 21. f3 Bd5 22. Kf2 Rc6 23. h4
Kg7 24. a4 Nxa4 25. Rxb7 Ra6 26. Rb5 Nb6 27. Rc2 Ra4 28. Bf4 Rc8 29. Rc5 Bb7
30. Rb2 Ra3 31. Be5+ f6 32. Bc7 Rb3 33. Ra2 Nd7 34. Rxc4 Bd5 35. Rxa7 Bxc4 36.
Bxc4 Rxc3 37. Bd6 R3xc4 38. Rxd7+ Kg8 39. fxe4 Rc1 40. Kf3 Rf1+ 41. Kg3 Rc3 42.
Bf4 Rg1 43. e5 fxe5 44. dxe5 Rc6 45. Bh6 Rb1 46. Rg7+ Kh8 47. Re7 Rb8 48. e6
Rcc8 49. Rf7 Kg8 50. Rg7+ Kf8 51. Rxh7+ Ke8 52. Bg5 {1-0 Karpov,A (2688)-Milov,
V (2620)/Cap d'Agde 2002/CBM 092/[Ribli]}) 14. Rae1 {Prepares f3 and e4 with
good play in the centre.} Ne4 15. Ndxe4 dxe4 16. Bf4 f5 $146 {An interesting
novelty. Black shuts Bh3 out of play. At least for now. In a few games Black
tried} (16... Nb6 17. Bxc8 Raxc8 18. f3 $36 {but in all of them White got good
play on the kingside, for example} exf3 19. Rxf3 f5 20. e4 Kg8 21. Bg3 fxe4 22.
Rxe4 Bxc3 23. bxc3 Qd5 24. Rg4 Qd7 25. Rg5 Rf8 26. Rxg6+ hxg6 27. Qxg6+ Qg7 28.
Qe6+ Rf7 29. Bd6 Rcf8 30. Be5 Qg5 31. Rg3 Qxg3 32. hxg3 Kh7 33. Qh3+ Kg6 34.
Qg4+ Kh6 35. Bf4+ Kh7 36. Qh5+ Kg8 37. Be5 {1-0 Huzman,A (2435)-Dreev,A (2465)/
Uzhgorod 1987/EXT 97}) 17. f3 Nf6 18. a3 $1 {Grischuk has always been a very
talented attacking player, and although he has switched from 1.e4 to 1.d4 he
hasn't forgotten the importance of the initiative in a sharp position. Here he
sacrifices a pawn and puts himself in the driver's seat. This strong reaction
puts Moro's novelty under a black cloud. White would like to put the bishop on
e5 and break open the centre, but it has to be prepared. Bad was immediately} (
18. Be5 $6 Rxe5 19. dxe5 Qxe5 {with good positional compensation for the
exchange.}) 18... Bxc3 19. bxc3 h5 $6 {Creates new weaknesses, but taking the
pawn was also risky.} (19... Qxa3 20. Be5 $1 exf3 (20... Rxe5 21. dxe5 Nd5 22.
fxe4 Qxc3 23. Qf2) 21. gxf3 $36 {White quickly gets e4 in with strong pressure.
}) 20. Qf2 $1 {Transfering the queen to the kingside. White has a simple plan.
Qf2-g3 followed by Bf4-e5. Then the bishop is protected and Black cannot get
away with the typical exchange sacrifice.} Bd7 21. Qg3 Qxc3 22. Be5 {Completes
White's strategy. Morozevich quickly goes downhill.} Qxa3 $6 ({Also hopeless
was} 22... Rxe5 $6 23. dxe5 Nh7 24. fxe4 $18) ({The last chance to prolong the
fight was} 22... exf3 23. gxf3 Rf8 (23... h4 $5 24. Qxh4 Rxe5 $1 25. dxe5 Qxe5
26. Qxc4 Bb5 27. Qb3 Rh8 28. f4 Qe8 29. Bg2 Bxf1 30. Qxb7+ Qf7 31. Qxf7+ Kxf7
32. Bxf1 Rc8 {and Black has good compensation for the pawn in an ending.}) 24.
e4 f4 $1 25. Qh4 Bxh3 26. Qxh3 Qxa3 27. Kh1 $1 Qe7 28. Rg1 Kh7 29. Qg2 Rg8 30.
Bxf4 {and White's initiative is still very strong.}) 23. fxe4 $18 {Black's
position collapses.} Rxe5 24. exf5 $1 {Black probably missed this strong move.}
({Not} 24. Qxe5 Re8 25. Qc7 Rxe4) 24... Rxf5 25. Bxf5 Bxf5 26. Rxf5 Re8 27. Re5
{Timetrouble.} (27. Rc5 $1 Re7 28. Rxc4) 27... Qd6 28. Rxe8 Nxe8 (28... Qxg3
29. hxg3 Nxe8) 29. Qf3 b5 30. Qb7+ Nc7 31. Qxa7 b4 {Suddenly Black has some
counterplay, but with active and precise play Grischuk ends all discussions.}
32. e4 c3 33. e5 Qe7 34. Qb7 {With control. The black pawns don´t run anywhere.
} Kh6 35. Rf1 c2 (35... h4 36. h3 Kg7 37. Rb1 $18) 36. Rc1 Qg5 37. Rxc2 Qe3+
38. Rf2 Ne6 39. Qxb4 {The pawns are gone and so is the last hope.} Qc1+ 40. Rf1
Qe3+ 41. Kh1 1-0

[Event "World-ch Tournament"]
[Site "Mexico City"]
[Date "2007.09.21"]
[Round "8"]
[White "Leko, Peter"]
[Black "Grischuk, Alexander"]
[Result "1-0"]
[WhiteElo "2751"]
[BlackElo "2726"]
[Annotator "Marin,M"]
[PlyCount "119"]
[EventDate "2007.09.13"]
[EventType "tourn"]
[EventRounds "14"]
[EventCountry "MEX"]
[EventCategory "21"]
[SourceTitle "CBM 120"]
[Source "ChessBase"]
[SourceDate "2007.10.02"]
[SourceVersion "1"]
[SourceVersionDate "2007.10.02"]
[SourceQuality "1"]

1. e4 e5 2. Nf3 Nc6 3. Bb5 a6 4. Ba4 Nf6 5. O-O Be7 6. Re1 b5 7. Bb3 O-O 8. a4
b4 9. d3 d6 10. Nbd2 Be6 {This variation was fashionable at top level some...
40 years ago.} ({Grischuk refrains from Grischuk renuncía a} 10... Na5 {
, which had led him to defeat in the previous round. Maybe it would have been
wiser to pick up a completely different opening, in order to avoid specific
preparation and the negative influence of... bad memories. que le había
llevado a la derrota en la ronda anterior. Tal vez debío de cambíar la
apertura por completo, para evitar la preparación especifica y la influencía
negativa de... los malos recuerdos.}) 11. Bxe6 {Curiously, in most of the
previous games White refrained from this exchange. Curiosamente, en mayoría de
las partidas anteriores las blancas evitaron este cambío.} ({In the '60s, the
main line was considered to be} 11. Nc4 Rb8 {is more refined. Black
anticipates White's plan and prepares for the opening of the b-file,
maintaining the knight on f6 for one more move.} (11... Nd7 {intends to carry
out a regrouping that would keep White's centre under pressure. The main
drawback of the early knight retreat is that it allows} 12. Be3 Bf6 (12... a5
13. c3 bxc3 14. bxc3 d5 15. exd5 Bxd5 16. Rb1 Re8 17. Ba2 f6 18. Rb5 Bf7 19.
Qc2 Nf8 20. d4 $16 {Ivkov,B-Petrosian,T/Bamberg 1968/MCD (1/2-1/2, 41).
White's pieces are more active in an almost symmetrical position.}) 13. c3 (13.
d4 exd4 14. Nxd4 Nxd4 15. Bxd4 Re8 $11 {Ciric,D-Geller,E/Sukhumi 1966/MCD (1/
2-1/2, 34)}) 13... Rb8 $6 {The rook will remain passive here, because Black
will not be in time to open the b-file.} (13... bxc3 14. bxc3 Rb8 15. Rb1 Qe7
$132) 14. d4 exd4 (14... bxc3 $2 15. d5 $18) 15. cxd4 d5 16. Ncd2 dxe4 17. Nxe4
$16 {Ivkov,B-Geller,E/Leningrad 1964/EXT 2001 (1-0, 51)}) 12. h3 {This
certainly looks like a loss of time if compared to the lines with an immediate
11...Nd7.} (12. Be3 {is not effective now because of} Ng4 13. Bd2 Bh4 14. Rf1
Be7 15. Rc1 Nf6 {Firman,N (2505)-Ehlvest,J (2587)/Philadelphia 2003/EXT 2004 
(0-1, 40). and White has achieved very little.}) (12. c3 $5 {, continuing the
waiting policy, deserves attention. If} Nd7 $6 {then} 13. d4 $1) 12... Nd7 13.
Be3 Bf6 14. d4 exd4 15. Nxd4 Bxd4 16. Bxd4 Nxd4 17. Qxd4 Nc5 18. Re3 f6 $11 {
Minic,D-Spassky,B/Belgrade 1964/MCD (1/2-1/2, 30)}) (11. Bc4 {initiates a
regrouping on the light squares, but is a bit slow.} Nd7 {[%cal Yd7b6]} 12. a5
Bf6 13. Nb3 Ne7 14. Bxe6 fxe6 15. d4 Ng6 16. Qe2 Kh8 17. Qc4 exd4 18. Nbxd4
Bxd4 19. Nxd4 Qh4 20. g3 Qf6 21. f4 c5 22. Nf3 Nde5 $132 {Ciric,D-Geller,E/
Leningrad 1964/EXT 2001 (0-1, 40). Black has active play and a strong central
pawn formation, severly restricting the enemy bishop.}) (11. c3 Rb8 {[%csl Ga6]
Once again, this move does not seem to be well-timed.} (11... Qd7 $5 {,
connecting rooks, deserves attention.}) 12. Bxe6 fxe6 13. d4 bxc3 14. bxc3 Nd7
15. Qe2 $1 exd4 (15... Qc8 16. Qc4 $16) 16. Nxd4 (16. cxd4 Nb4 17. Rb1 c5 $132)
16... Nxd4 17. cxd4 $14 {Ostojic,P-Geller,E/Wijk aan Zee 1969/MCL (1/2-1/2, 32)
}) 11... fxe6 12. Nf1 $146 {The transfer of the knight to the kingside looks
more constructive for the purpose of central expansion than the mechanical
occupation of the c4-square.} (12. Nc4 Nd7 13. Bd2 Rb8 14. h3 Qe8 {1/2-1/2
Short,N (2535)-Olafsson,H (2515)/Vestmannaeyjum 1985/MCL}) 12... Qd7 13. Ng3
Na5 ({With this move, Grischuk probably wanted to anticipate the opening of
the b-file after c3. However, the control over the centre is weakened now. Con
esta jugada, Grischuk quíso probablemente anticipar la apertura de la línea de
b con c3. Sin embargo, el control sobre el centro se debilita. Una importante
alternativa era} 13... Rab8 {would have been a worthy alternative, inviting
White to declare his intentions. For instance, , invitando a las blancas a que
definen sus intenciones. Por ejemplo,} 14. c3 bxc3 15. bxc3 Na5 $5) 14. d4 {
The logical reaction. La reacción lógica.} exd4 15. Qxd4 c5 16. Qd3 Nc6 17. c3
bxc3 18. bxc3 Kh8 ({Starting with this moment, Grischuk plays a series of
moves without a clear plan. Here, he could have activated his play with
Empezando con este momento, Grischuk realiza una serie de jugadas sin plan.
Aquí, el podía activar su juego con} 18... Ng4 {, aiming to install a knight
on e5 in order to control the relatively weak light squares from the centre.
The only way to cross this plan would be , aspirando a instalar un caballo en
e5, para así tomar bajo control las relativamente débiles casillas blancas del
centro. La única forma de prevenir esto sería} 19. e5 $5 {but, among other
reasonable possibilities, Black could have answered with , pero, entre otras
posibilidades interesantes, las negras dispondrían de} d5 $5 20. h3 Nxf2 $1 21.
Kxf2 Bh4 $44 {[%csl Gf3,Gg3][%cal Yf8f5,Yd7f7,Yf7g6] , leaving White under an
unpleasant double pin. The slow (but not really easy to parry) threat is ...
Rf5 followed by the transfer of the queen to g6, in order to win the g3-knight.
, dejando a las blancas con una desagradable doble clavada. La amenaza lenta 
(pero, realmente, nada fácil de parar) sería ...Rf5, seguído por la maniobra
de la dama hacía g6, recuperando el caballo de g3.}) 19. h3 Qc7 (19... d5 $132
{looks more active. sería más activo.}) 20. Ng5 Ne5 21. Qe2 Qc8 22. f4 Nf7 23.
Nf3 Rb8 24. c4 $14 {White's progress over the past few moves is obvious. El
progreso de las blancas durante las úiltimas jugadas es evidente.} Qb7 25. Bd2
Qb2 26. Qd3 Qb7 27. Bc3 Qc6 28. a5 Kg8 29. Rad1 Rbd8 {White has regrouped in
the optimal way and is ready for concrete action. Las blancas han reagrupado
sus fuerzas de forma óptima y están preparadas para acciones concretas.} 30. f5
e5 $16 {Strategically, White's position is close to winning. In the
manoeuvring phase that follows, Leko will combine the threats of a direct
mating attack with the pressure along the d-file. Desde un punto de vista
estratégico, la psoción de las blancas no está lejos de ganada. En la fase de
maniobras que sigue, Leko combinará la amenaza de un ataque directo de mate
con la presion sobre las debilidades de la columna de d.} 31. Nf1 Rb8 32. g4 h6
33. N1d2 Qc7 34. Kh1 Qd8 35. Rg1 Nh7 36. Nf1 Bg5 37. Ne3 Bxe3 38. Qxe3 Rb3 39.
Rd3 Nhg5 40. Nd2 Ra3 41. h4 Nh7 42. Nf3 Nf6 43. g5 hxg5 44. hxg5 Nh5 45. Bd2
Ra4 46. Qe2 Ra2 47. Qe1 Nf4 48. Bxf4 exf4 49. Qh4 Qe8 50. g6 Nh6 51. Qxf4 Re2
52. Ng5 Qa4 53. Qxd6 Qxc4 54. Qd5+ Qxd5 55. Rxd5 {Nowadays, it is not so easy
to mate the opponent in the middlegame, especially at this level. However, the
resulting ending is almost as good. Hoy en día, no resulta fácil ganar por
mate en el medio juego, especialmente a este nivel. Sin embargo, entrar en
este final está casi igualmente bien.} c4 56. Rd7 c3 57. Ne6 Rc8 58. Rgd1 Rd2
59. R1xd2 cxd2 60. Rxd2 1-0